Statistics for Words Containing “ing”

Click here to take the quiz!

General Stats

  • This quiz has been taken 21 times
  • The average score is 13 of 25

Answer Stats

DefinitionAnswer% Correct
Having the ability to speak two languages fluently.Bbilingual
95%
To burn slightly.Ssinge
74%
(pathology) Inflammation of the gums.Ggingivitis
68%
A realm having a king and/or queen as its actual or nominal sovereign.Kkingdom
68%
The scientific study of language and its structure, including the study of morphology, syntax, phonetics, and semantics.Llinguistics
68%
To socialize with different people at a social event.Mmingle
68%
(anatomy) A slender jointed extremity of the human hand, (often) exclusive of the thumb.Ffinger
63%
A solid block of more or less pure metal, often but not necessarily bricklike in shape and trapezoidal in cross-section, the result of pouring out and cooling molten metal, often immediately after smelting from raw ore or alloying from constituents.Iingot
63%
A device consisting of a hypodermic needle, a chamber for containing liquids, and a piston for applying pressure (to inject) or reducing pressure (to draw).Ssyringe
63%
(nautical) A small open boat, propelled by oars or paddles, carried as a tender, lifeboat, or pleasure craft on a ship.Ddinghy
58%
(idiomatic) A party to celebrate moving into a new home.Hhousewarming
58%
To adhere to an object, without being affixed, in such a way as to follow its contours. Used especially of fabrics and films.Ccling
53%
To take (a substance, e.g., food) into the body of an organism, especially through the mouth and into the gastrointestinal tract.Iingest
53%
A temporary modular system of tubes (or formerly wood) forming a framework used to support people and material in the construction or repair of buildings and other large structures.Sscaffolding
53%
(gymnastics) A small platform on springs and usually hinged at one end, used to launch or vault onto other equipment.Sspringboard
53%
To have a sudden, sharp, local pain, like a twitch; to suffer a keen, darting, or shooting pain.Ttwinge
53%
A person or thing that foreshadows or foretells the coming of someone or something.Hharbinger
47%
(figurative) Very exciting and stimulating, like alcohol or some other stimulant.Iintoxicating
37%
Having a purpose, value, or significance beyond the fact of mere existence.Mmeaningful
37%
An encroachment on a right, a person, a territory, or a property.Iinfringement
32%
Overpowering, staggering, or irresistibly strong.Ooverwhelming
32%
Being the only one of the kind; unique.Ssingular
32%
Causing great pain or anguish, agonizing.Eexcruciating
26%
Dependent on something that is undetermined or unknown, that may or may not occur.Ccontingent
21%
1. Not honourable; unworthy of honour. 2. Not frank or open.Ddisingenuous
16%

Score Distribution

Percentile by Number Answered

Percent of People with Each Score

Your Score History

You have not taken this quiz